|
|
|
|
| LEADER |
00000nab#a22000007a#4500 |
| 001 |
arbauad016637 |
| 003 |
AR-BaUAD |
| 005 |
20250711111520.0 |
| 008 |
960214|||||||||###||||||b###|0###a|spa|| |
| 040 |
|
|
|a AR-BaUAD
|c AR-BaUAD
|b spa
|
| 100 |
|
|
|a , David
|
| 245 |
|
|
|a Abitare lo spazio /
|c David ; Robin Huttenbach;
|
| 300 |
0 |
|
|b il., plantas, vistas, cortes, axonom.
|
| 653 |
|
|
|a ESTACIONES ESPACIALES
|
| 653 |
|
|
|a FUTURE SYSTEMS
|
| 653 |
|
|
|a EUROPEAN SPACE STATION
|
| 653 |
|
|
|a DISEÑO INDUSTRIAL
|
| 700 |
1 |
|
|a Huttenbach, Robin
|
| 773 |
0 |
|
|t L'arca
|g no. 68 [feb. 1993], p. 16-23
|
| 942 |
|
|
|c ARTI
|
| 952 |
|
|
|0 0
|1 0
|4 0
|7 0
|9 61557
|a AR-BAuAD
|b AR-BAuAD
|d 2025-07-11
|l 0
|p AAQA016637
|r 2025-07-11 11:15:20
|w 2025-07-11
|y ARTI
|
| 990 |
|
|
|a DI199
|b TD
|
| 998 |
|
|
|a AAQ
|b BIBUN76
|
| 999 |
|
|
|c 41230
|d 41230
|